[Event "Ostravský koník 2014 - FIDE Open veteránù"]
[Site "Ostrava, CZE"]
[Date "2014.05.01"]
[Round "6"]
[White "Ludvicek, Josef"]
[Black "Lavrisin, Jan"]
[Result "1-0"]
[WhiteElo "1867"]
[BlackElo "1620"]
[PlyCount "93"]

1. e4 c5 2. f4 d6 3. Nf3 Nc6 4. Bb5 a6 5. Bxc6+ bxc6 6. O-O e6 7. d3 Be7 8. Qe1
Qc7 9. Qg3 e5 10. fxe5 dxe5 11. Qxg7 Bf6 12. Qg3 Ne7 13. Nbd2 Rg8 14. Qf2 Bh3
15. Ne1 Rg6 16. Kh1 Be6 17. Qxc5 Kd7 18. b3 Rag8 19. Ndf3 Bg4 20. Ba3 Nc8 21.
Qe3 R8g7 22. Rd1 Bxf3 23. Qxf3 Ke8 24. Qh3 Qd7 25. Qxd7+ Kxd7 26. c3 Bh4 27.
Rd2 Bg5 28. Re2 Rh6 29. Bf8 Rf6 30. Rxf6 Bxf6 31. Bxg7 Bxg7 32. Rf2 Ke7 33. Nf3
f6 34. d4 Nd6 35. Re2 Nb5 36. Re3 exd4 37. cxd4 Bh6 38. Rd3 Nd6 39. e5 fxe5 40.
Nxe5 Ne4 41. Rf3 Ng5 42. Nxc6+ Kd7 43. Rf5 Ke6 44. Ra5 Ne4 45. Re5+ Kd6 46.
Rxe4 Kxc6 47. Re6+ 1-0

[Event "Ostravský koník 2014 - FIDE Open veteránù"]
[Site "Ostrava, CZE"]
[Date "2014.05.01"]
[Round "6"]
[White "Doskar, Miloslav"]
[Black "Perik, Alois"]
[Result "1/2-1/2"]
[WhiteElo "1703"]
[BlackElo "1838"]
[PlyCount "74"]

1. d4 d5 2. c4 e6 3. Nf3 Nf6 4. Nc3 Nbd7 5. e3 Be7 6. Bd3 O-O 7. O-O c5 8. cxd5
exd5 9. dxc5 Nxc5 10. Be2 b6 11. b3 Bb7 12. Bb2 Nce4 13. Nb5 a6 14. Nbd4 Rc8
15. Rc1 Qd6 16. Qd3 g6 17. h3 Nd7 18. Qb1 Bf6 19. Rxc8 Rxc8 20. Rc1 Ne5 21.
Rxc8+ Bxc8 22. Qc1 Bb7 23. Nxe5 Qxe5 24. f4 Qe8 25. g4 Qd7 26. Kg2 h6 27. Bf3
Bg7 28. Ne2 Bxb2 29. Qxb2 Qd6 30. Qd4 Qc5 31. Bxe4 Qxd4 32. Nxd4 dxe4 33. Kg3
f6 34. h4 Kf7 35. a3 Ke7 36. f5 g5 37. h5 Bd5 1/2-1/2

[Event "Ostravský koník 2014 - FIDE Open veteránù"]
[Site "Ostrava, CZE"]
[Date "2014.05.01"]
[Round "6"]
[White "Trojek, Miroslav"]
[Black "Linart, Ludvik"]
[Result "1-0"]
[WhiteElo "1901"]
[BlackElo "1609"]
[PlyCount "81"]

1. e4 c5 2. Nf3 Nc6 3. d4 cxd4 4. Nxd4 g6 5. Be3 Bg7 6. c3 e5 7. Nb5 Kf8 8.
Bc5+ Nge7 9. Bc4 Kg8 10. Qf3 Qf8 11. Nc7 Rb8 12. Bd6 b5 13. Bxb5 Rb6 14. Qd3
Qd8 15. O-O Rb7 16. Bxe7 Qxe7 17. Nd5 Qc5 18. Ba6 Rb8 19. Bxc8 Rxc8 20. Nd2 Qd6
21. Nb3 Ne7 22. Rad1 Nxd5 23. Qxd5 Qxd5 24. Rxd5 Rc7 25. Rfd1 Bf6 26. Rxd7 Rxd7
27. Rxd7 Kg7 28. Kf1 Rd8 29. Rxd8 Bxd8 30. Ke2 f5 31. f3 Kf7 32. Nc5 Ke7 33.
Kd3 Bb6 34. Nb3 Kd6 35. Nd2 Bg1 36. Nc4+ Ke6 37. h3 Bh2 38. b3 Kd7 39. a4 Kc7
40. Ne3 Bf4 41. Nd5+ 1-0

[Event "Ostravský koník 2014 - FIDE Open veteránù"]
[Site "Ostrava, CZE"]
[Date "2014.05.01"]
[Round "6"]
[White "Kosar st., Mikulas"]
[Black "Lexa, Vaclav"]
[Result "0-1"]
[WhiteElo "1731"]
[BlackElo "1895"]
[PlyCount "88"]

1. e4 c5 2. Nf3 d6 3. Nc3 a6 4. d4 cxd4 5. Nxd4 Nf6 6. h3 e5 7. Nf3 h6 8. Bd3
Be6 9. Be3 Nbd7 10. O-O Rc8 11. a3 Be7 12. Re1 d5 13. exd5 Nxd5 14. Nxd5 Bxd5
15. Bd2 f6 16. Bg6+ Bf7 17. Bxf7+ Kxf7 18. c3 Nc5 19. Be3 Qxd1 20. Raxd1 Rhd8
21. Bxc5 Bxc5 22. Kf1 Ke6 23. Ke2 Bb6 24. Nd2 f5 25. f3 Rd5 26. Nb1 Rcd8 27.
Rxd5 Rxd5 28. Rd1 Rb5 29. b4 e4 30. f4 Rd5 31. c4 Rxd1 32. Kxd1 Bc7 33. g3 g5
34. fxg5 hxg5 35. g4 f4 36. Nd2 Ke5 37. a4 Kd4 38. c5 f3 39. b5 axb5 40. axb5
Kd3 41. b6 Bf4 42. c6 bxc6 43. b7 f2 44. b8=Q Bxb8 0-1

[Event "Ostravský koník 2014 - FIDE Open veteránù"]
[Site "Ostrava, CZE"]
[Date "2014.05.01"]
[Round "6"]
[White "Pirhala, Ladislav"]
[Black "Bebek, Ivan"]
[Result "1/2-1/2"]
[WhiteElo "1481"]
[BlackElo "1375"]
[PlyCount "88"]

1. e4 d5 2. exd5 Nf6 3. Nf3 c6 4. dxc6 Nxc6 5. Bb5 Qb6 6. Nc3 e6 7. Qe2 a6 8.
Bxc6+ Qxc6 9. d4 Bb4 10. Bd2 Bxc3 11. Bxc3 O-O 12. O-O Re8 13. Ne5 Qb5 14. Qxb5
axb5 15. Rfe1 Nd5 16. Bd2 f6 17. Nd3 b6 18. c3 Bb7 19. a3 Bc6 20. Re2 Re7 21.
Rae1 Nc7 22. Bf4 Bd5 23. Nb4 Bc4 24. Re3 Nd5 25. Nxd5 Bxd5 26. Bd6 Rd7 27. Bb4
Re8 28. f4 f5 29. Kf2 Rf7 30. Bd6 Rf6 31. Be5 Rg6 32. g3 Rh6 33. h4 Rh5 34. Kg1
Re7 35. Kh2 Rf7 36. Kh3 Rh6 37. Rg1 Rg6 38. g4 h5 39. g5 Rd7 40. Ra1 Ra7 41.
Ree1 Kf7 42. a4 bxa4 43. Ra3 b5 44. Bd6 Rb7 1/2-1/2

[Event "Ostravský koník 2014 - FIDE Open veteránù"]
[Site "Ostrava, CZE"]
[Date "2014.05.01"]
[Round "6"]
[White "Tretina, Zdenek"]
[Black "Zdrazila, Jaromir"]
[Result "1-0"]
[WhiteElo "1740"]
[BlackElo "1547"]
[PlyCount "127"]

1. d4 d5 2. c4 e6 3. Nc3 a6 4. Nf3 Nc6 5. e3 Nf6 6. Bd3 Be7 7. O-O O-O 8. a4
Nb4 9. Be2 a5 10. b3 c5 11. Na2 Nxa2 12. Rxa2 b6 13. Ne5 Bb7 14. Bd3 Ne4 15.
Qc2 f5 16. f3 Nf6 17. Re1 Qc8 18. cxd5 Bxd5 19. Nc4 Qb7 20. Ba3 Rac8 21. dxc5
Bxc5 22. Bxc5 Rxc5 23. Qb1 Rb8 24. Rae2 Qc7 25. h3 g6 26. e4 Bc6 27. exf5 exf5
28. Qb2 Nd5 29. Ne5 Nf4 30. Bc4+ Bd5 31. Bxd5+ Nxd5 32. Nc4 Qg7 33. Qxg7+ Kxg7
34. Re6 b5 35. axb5 Rcxb5 36. Ra6 Rxb3 37. Rxa5 Rb1 38. Rxb1 Rxb1+ 39. Kh2 Rd1
40. Ra2 Nf4 41. h4 Rd4 42. g3 Nh5 43. Rc2 Kf6 44. Kg2 g5 45. hxg5+ Kxg5 46. Kf2
f4 47. g4 Ng3 48. Nd2 Ra4 49. Nf1 Nxf1 50. Kxf1 h6 51. Rh2 Kg6 52. Ke2 Ra5 53.
Kd3 h5 54. Rxh5 Rxh5 55. gxh5+ Kxh5 56. Ke4 Kg6 57. Kxf4 Kf6 58. Kg4 Kg6 59. f4
Kf6 60. f5 Kg7 61. Kg5 Kf7 62. f6 Ke8 63. Kg6 Kf8 64. f7 1-0

[Event "Ostravský koník 2014 - FIDE Open veteránù"]
[Site "Ostrava, CZE"]
[Date "2014.05.01"]
[Round "6"]
[White "Divis, Jan"]
[Black "Sudolsky, Jan"]
[Result "1/2-1/2"]
[WhiteElo "1727"]
[BlackElo "1546"]
[PlyCount "82"]

1. d4 Nf6 2. Bf4 g6 3. h3 Bg7 4. Nf3 d6 5. c3 O-O 6. Nbd2 b6 7. e4 Bb7 8. Bd3
Nbd7 9. Qc2 Re8 10. O-O e5 11. dxe5 dxe5 12. Bg5 Nc5 13. Bb5 c6 14. Bc4 Qc7 15.
Rfe1 Red8 16. Rad1 b5 17. Bf1 Ne6 18. Nb3 Rxd1 19. Rxd1 Nxg5 20. Nxg5 Bh6 21.
Nf3 Bf8 22. Ne1 Qb6 23. Kh2 c5 24. f3 c4 25. Nc1 Nh5 26. g4 Nf4 27. Ng2 Qf6 28.
Nxf4 Qxf4+ 29. Kg2 Bc5 30. Qe2 Be3 31. Qe1 Bxc1 32. Rxc1 h5 33. Rd1 hxg4 34.
hxg4 Kg7 35. Qd2 Qf6 36. g5 Qe6 37. Qd7 Bc8 38. Qxe6 Bxe6 39. Kg3 Rh8 40. Bg2
Rh5 41. f4 exf4+ 1/2-1/2

[Event "Ostravský koník 2014 - FIDE Open veteránù"]
[Site "Ostrava, CZE"]
[Date "2014.05.01"]
[Round "6"]
[White "Pisa, Lubomir"]
[Black "Sumbera, Antonin"]
[Result "1-0"]
[WhiteElo "1557"]
[BlackElo "1671"]
[PlyCount "75"]

1. d4 d5 2. c4 dxc4 3. e3 e5 4. Bxc4 exd4 5. Qxd4 Qxd4 6. exd4 Nc6 7. Nf3 Be7
8. O-O a6 9. Be3 Nf6 10. Nc3 Bg4 11. Ne5 Nxe5 12. dxe5 Nd7 13. f4 Be6 14. Bxe6
fxe6 15. a3 Bc5 16. Bxc5 Nxc5 17. b4 Nb3 18. Rad1 Ke7 19. Rd3 Rad8 20. Rfd1
Rxd3 21. Rxd3 Rd8 22. Rxd8 Kxd8 23. Kf2 Kd7 24. Ke3 c5 25. bxc5 Nxc5 26. g4 b5
27. h4 Kc6 28. f5 a5 29. f6 gxf6 30. exf6 b4 31. axb4 axb4 32. Na4 Nd7 33. g5
Kd6 34. Kd4 Ne5 35. h5 Nf7 36. g6 hxg6 37. hxg6 Nh6 38. g7 1-0

[Event "Ostravský koník 2014 - FIDE Open veteránù"]
[Site "Ostrava, CZE"]
[Date "2014.05.01"]
[Round "6"]
[White "Bystron, Vladislav"]
[Black "Fiser, Otakar"]
[Result "0-1"]
[WhiteElo "1751"]
[BlackElo "1610"]
[PlyCount "78"]

1. e4 c5 2. Bc4 Nc6 3. Qh5 e6 4. Nc3 Nf6 5. Qd1 g6 6. d3 a6 7. a4 Bg7 8. Bg5
Qc7 9. Nf3 O-O 10. h3 b6 11. O-O Bb7 12. Re1 Nd4 13. Nxd4 cxd4 14. Ne2 Nxe4 15.
Bh4 g5 16. Bg3 Nxg3 17. Nxg3 Qc6 18. f3 Qc7 19. Nf1 Qf4 20. Qd2 Be5 21. Qxf4
Bxf4 22. g3 Bc7 23. Kf2 Bc6 24. Bb3 h5 25. h4 gxh4 26. gxh4 Kh7 27. Nd2 d5 28.
c3 Bf4 29. Rad1 Rg8 30. Rh1 Be3+ 31. Ke1 Rg2 32. cxd4 Rag8 33. Rf1 Rh2 34. Nb1
Rgg2 35. Nc3 Rxb2 36. Rb1 Bd2+ 37. Kd1 Bxc3 38. Rxb2 Rxb2 39. Bc2 Ra2 0-1

[Event "Ostravský koník 2014 - FIDE Open veteránù"]
[Site "Ostrava, CZE"]
[Date "2014.05.01"]
[Round "6"]
[White "Krivohlavek, Josef"]
[Black "Hruska, Stanislav"]
[Result "0-1"]
[WhiteElo "1500"]
[BlackElo "1491"]
[PlyCount "116"]

1. d4 Nf6 2. c4 e6 3. Nc3 c6 4. Nf3 d6 5. e4 h6 6. Bd3 Be7 7. h3 Nh7 8. Be3 Ng5
9. O-O Nd7 10. Nd2 e5 11. f4 exf4 12. Bxf4 Nxh3+ 13. gxh3 Nf6 14. Rf3 Nh5 15.
Qf1 Nxf4 16. Rxf4 O-O 17. Qg2 Bg5 18. Rf3 Be6 19. Raf1 f6 20. Nb3 a5 21. a4 Qb6
22. Qc2 Qc7 23. e5 dxe5 24. Ne4 Bf4 25. Nec5 Bf7 26. Bh7+ Kh8 27. Bf5 Qe7 28.
Qe4 Bxc4 29. R1f2 Bd5 30. Qd3 Bxf3 31. Rxf3 g5 32. Ne6 Rg8 33. Nbc5 b6 34. Ne4
Ra7 35. Nf2 h5 36. Kf1 Qb4 37. Nxf4 exf4 38. Qe2 Rc7 39. d5 Qd6 40. dxc6 Rxc6
41. Rc3 Rc5 42. Be6 Rg7 43. Ne4 Rxc3 44. Nxc3 f3 45. Qe4 Qg3 46. Qa8+ Kh7 47.
Bf5+ Rg6 48. Bxg6+ Kxg6 49. Qg8+ Kf5 50. Qh7+ Ke5 51. Qe4+ Kd6 52. Nb5+ Kd7 53.
Qb7+ Ke8 54. Qe4+ Kf8 55. Qa8+ Kg7 56. Qb7+ Kh6 57. Qxb6 Qxh3+ 58. Kf2 Qg2+ 0-1

[Event "Ostravský koník 2014 - FIDE Open veteránù"]
[Site "Ostrava, CZE"]
[Date "2014.05.02"]
[Round "7"]
[White "Macura, Emil"]
[Black "KoS�ál, Otakar"]
[Result "1-0"]
[WhiteElo "1997"]
[BlackElo "2008"]
[PlyCount "61"]

1. d4 d5 2. Nf3 e6 3. Nbd2 f5 4. c4 c6 5. e3 Bd6 6. Bd3 Nf6 7. O-O O-O 8. b3
Ne4 9. Bb2 Nd7 10. Ne5 Ndf6 11. f3 Nxd2 12. Qxd2 Bd7 13. c5 Bc7 14. b4 a6 15.
a4 Qe7 16. Qe2 Ne8 17. e4 f4 18. Nxd7 Qxd7 19. b5 axb5 20. axb5 Rxa1 21. Rxa1
Nf6 22. Ra7 Rb8 23. Bc3 g5 24. b6 Bd8 25. g3 Nh5 26. g4 Ng7 27. e5 Qf7 28. Qa2
Be7 29. Ra8 Qf8 30. Rxb8 Qxb8 31. Qa7 1-0

[Event "Ostravský koník 2014 - FIDE Open veteránù"]
[Site "Ostrava, CZE"]
[Date "2014.05.02"]
[Round "7"]
[White "KrouZel, Jaroslav"]
[Black "Tejkal, JiRí"]
[Result "1/2-1/2"]
[WhiteElo "2135"]
[BlackElo "1942"]
[PlyCount "39"]

1. d4 d5 2. Nf3 Nf6 3. e3 c6 4. c4 a6 5. Nc3 b5 6. b3 Bg4 7. Be2 e6 8. O-O Be7
9. h3 Bh5 10. Ne5 Bxe2 11. Qxe2 O-O 12. Bd2 Nfd7 13. Nxd7 Nxd7 14. e4 dxe4 15.
Nxe4 Nf6 16. Bc3 Qc7 17. Rac1 Qf4 18. Nxf6+ Bxf6 19. Qe3 Qg5 20. Rcd1 1/2-1/2

[Event "Ostravský koník 2014 - FIDE Open veteránù"]
[Site "Ostrava, CZE"]
[Date "2014.05.02"]
[Round "7"]
[White "Zlebcík, Ladislav"]
[Black "Jamka, BRetislav"]
[Result "1/2-1/2"]
[WhiteElo "1889"]
[BlackElo "2059"]
[PlyCount "43"]

1. e4 c5 2. Nf3 Nc6 3. d4 cxd4 4. Nxd4 Qb6 5. Nb5 a6 6. Be3 Qa5+ 7. N5c3 Nf6 8.
Nd2 e6 9. Nc4 Qc7 10. Nb6 Rb8 11. f3 Bb4 12. Qd2 O-O 13. a3 Ba5 14. Qf2 d5 15.
exd5 exd5 16. Rd1 Bf5 17. Nbxd5 Nxd5 18. Rxd5 g6 19. Bd3 Be6 20. Rxa5 Qxa5 21.
O-O Ne5 22. Ne4 1/2-1/2

[Event "Ostravský koník 2014 - FIDE Open veteránù"]
[Site "Ostrava, CZE"]
[Date "2014.05.02"]
[Round "7"]
[White "BRíza, JiRí"]
[Black "VlCek, Antonín"]
[Result "1-0"]
[WhiteElo "1910"]
[BlackElo "1835"]
[PlyCount "95"]

1. d4 Nf6 2. Nf3 d5 3. e3 c6 4. Bd3 Bg4 5. O-O Nbd7 6. Be2 Qc7 7. Nbd2 e6 8. c4
b6 9. b3 Bd6 10. h3 Bf5 11. Bb2 h6 12. Rc1 a6 13. cxd5 exd5 14. Ne5 c5 15. Ndf3
O-O 16. Bd3 Ne4 17. Nxd7 Qxd7 18. Bxe4 dxe4 19. dxc5 bxc5 20. Nd2 Qe6 21. Nc4
Bc7 22. Qh5 Kh7 23. f4 exf3 24. Qxf3 Be4 25. Qg4 Qxg4 26. hxg4 Rad8 27. Rfd1 f6
28. Ba3 Rxd1+ 29. Rxd1 Rd8 30. Rxd8 Bxd8 31. Nd2 f5 32. Nxe4 fxe4 33. Bxc5 Bc7
34. b4 Kg6 35. Bd4 Bd6 36. a3 Kf7 37. Kf2 g6 38. Ke2 Ke6 39. Kd2 Kd5 40. Kc3
Bg3 41. a4 Be1+ 42. Kb3 h5 43. gxh5 gxh5 44. b5 axb5 45. axb5 Ba5 46. b6 Be1
47. b7 Bg3 48. Ba7 1-0

[Event "Ostravský koník 2014 - FIDE Open veteránù"]
[Site "Ostrava, CZE"]
[Date "2014.05.02"]
[Round "7"]
[White "KoRínek, Jaroslav"]
[Black "Pokora, Lubomír"]
[Result "0-1"]
[WhiteElo "1810"]
[BlackElo "1892"]
[PlyCount "106"]

1. e4 e5 2. Nf3 Nf6 3. Nc3 Nc6 4. Bc4 Nxe4 5. Nxe4 d5 6. Bb5 dxe4 7. Nxe5 Qg5
8. d4 Qxg2 9. Rf1 a6 10. Be2 Nxe5 11. dxe5 Be6 12. c3 Qxh2 13. Qa4+ c6 14. Qxe4
Bd5 15. Qf4 Qxf4 16. Bxf4 h6 17. O-O-O Bxa2 18. Kc2 Be6 19. Be3 Be7 20. f4 Bf5+
21. Kc1 Rd8 22. Rxd8+ Bxd8 23. Rg1 g6 24. Bd4 Rh7 25. Kd2 Be7 26. b4 h5 27. Ke3
Kd8 28. Kf2 Kc7 29. Kg3 Be6 30. Rb1 Rh8 31. c4 Rd8 32. Be3 Bf5 33. Rb2 Bd3 34.
Kf3 Bxe2+ 35. Kxe2 b6 36. b5 axb5 37. cxb5 c5 38. Ra2 Kb7 39. Kf3 Rd1 40. Rb2
Kc7 41. Ra2 Rb1 42. Ra7+ Kd8 43. Ke4 Rxb5 44. Kd5 Ra5 45. Rb7 Ra8 46. Rxb6 Rc8
47. Kc4 h4 48. Rb2 Kd7 49. Kd5 Ke8 50. Kc4 Kf8 51. Kd5 Ke8 52. Kc4 Kf8 53. Rg2
Ra8 0-1

[Event "Ostravský koník 2014 - FIDE Open veteránù"]
[Site "Ostrava, CZE"]
[Date "2014.05.02"]
[Round "7"]
[White "Rechtenberg, Karel"]
[Black "Vinklárek, Vlastimil"]
[Result "0-1"]
[WhiteElo "1903"]
[BlackElo "1762"]
[PlyCount "82"]

1. e4 c6 2. d4 d5 3. Nc3 dxe4 4. Nxe4 Bf5 5. Ng3 Bg6 6. Nf3 Nd7 7. Bd3 Bxd3 8.
Qxd3 Ngf6 9. O-O e6 10. c4 Be7 11. b3 O-O 12. Bb2 Qc7 13. h3 Rad8 14. Rad1 Bd6
15. Ne4 Nxe4 16. Qxe4 Nf6 17. Qc2 b6 18. Ng5 h6 19. Ne4 Be7 20. Rfe1 Nxe4 21.
Qxe4 a5 22. Qg4 Bf6 23. Bc1 Kh7 24. Bf4 Qe7 25. Be5 Rd7 26. Qe4+ g6 27. Qxc6
Bxe5 28. dxe5 Rxd1 29. Rxd1 Qa3 30. Qxb6 Qxa2 31. Qd6 Qxb3 32. Qxf8 Qxd1+ 33.
Kh2 Qd7 34. Qd6 Qa7 35. c5 a4 36. c6 a3 37. c7 a2 38. c8=Q a1=Q 39. Qc2 Q7d4
40. Qe2 Qf4+ 41. g3 Qfc1 0-1

[Event "Ostravský koník 2014 - FIDE Open veteránù"]
[Site "Ostrava, CZE"]
[Date "2014.05.02"]
[Round "7"]
[White "PuobiS, Jozef"]
[Black "Spála, JiRí"]
[Result "1/2-1/2"]
[WhiteElo "1869"]
[BlackElo "1000"]
[PlyCount "25"]

1. d4 d5 2. Nf3 Nf6 3. c4 e6 4. e3 c6 5. Nc3 Bd6 6. Bd3 O-O 7. O-O Nbd7 8. Re1
dxc4 9. Bxc4 e5 10. h3 h6 11. Qc2 Re8 12. Bd3 Nd5 13. Nxd5 1/2-1/2

[Event "Ostravský koník 2014 - FIDE Open veteránù"]
[Site "Ostrava, CZE"]
[Date "2014.05.02"]
[Round "7"]
[White "Sipl, Frantisek"]
[Black "Ludvícek, Josef"]
[Result "0-1"]
[WhiteElo "1836"]
[BlackElo "1867"]
[PlyCount "128"]

1. d4 d5 2. c4 Nf6 3. Nc3 c6 4. Nf3 Bf5 5. e3 e6 6. Be2 h6 7. Ne5 Nbd7 8. f4
dxc4 9. Bxc4 Nb6 10. Bd3 Bxd3 11. Qxd3 Bd6 12. O-O O-O 13. b3 Rc8 14. a4 Bxe5
15. fxe5 Nfd7 16. Ba3 Re8 17. Ne4 Nxe5 18. Qe2 Ng6 19. Nd6 Rc7 20. Nxe8 Qxe8
21. a5 Nd5 22. e4 Nc3 23. Qc2 Nb5 24. Bc5 a6 25. Rad1 Rd7 26. Qc4 Qd8 27. Bb6
Qg5 28. Qe2 Nc3 29. Qd2 Nxd1 30. Qxg5 hxg5 31. Rxd1 f5 32. Re1 Kf7 33. g3 Ne7
34. Bc5 g6 35. Kf2 Rd8 36. Ke3 Rh8 37. Re2 Rh3 38. Kf3 Kf6 39. Bb6 Nc8 40. Bc7
Ke7 41. Be5 Nd6 42. exf5 exf5 43. Kg2 Rh7 44. Kf3 Nb5 45. Rf2 g4+ 46. Ke3 Nc3
47. Kd3 Nd5 48. Re2 Kd7 49. Kc4 Rf7 50. Kc5 Nc3 51. Rc2 Ne4+ 52. Kc4 Ng5 53.
Kc5 Rh7 54. Kb6 Kc8 55. Re2 Rd7 56. Rc2 Rd5 57. Rc5 Rd7 58. Rc2 Nf3 59. Re2 Rd5
60. Bf6 Rb5+ 61. Ka7 Kd7 62. Rb2 Kd6 63. Rf2 Rxb3 64. h3 gxh3 0-1

[Event "Ostravský koník 2014 - FIDE Open veteránù"]
[Site "Ostrava, CZE"]
[Date "2014.05.02"]
[Round "7"]
[White "MíCka, Jaroslav"]
[Black "Folta, FrantiSek"]
[Result "1/2-1/2"]
[WhiteElo "1837"]
[BlackElo "1812"]
[PlyCount "33"]

1. d4 d5 2. c4 e6 3. Nc3 Nf6 4. Nf3 a6 5. Bg5 Be7 6. e3 O-O 7. cxd5 exd5 8. Bd3
Be6 9. O-O c5 10. dxc5 Bxc5 11. Nd4 Bxd4 12. exd4 Nc6 13. Ne2 h6 14. Bh4 g5 15.
Bg3 Ne4 16. Bxe4 dxe4 17. Qd2 1/2-1/2

[Event "Ostravský koník 2014 - FIDE Open veteránù"]
[Site "Ostrava, CZE"]
[Date "2014.05.02"]
[Round "7"]
[White "Plesník, Miroslav"]
[Black "Novotný, Petr"]
[Result "1/2-1/2"]
[WhiteElo "1877"]
[BlackElo "1661"]
[PlyCount "76"]

1. d4 Nf6 2. c4 e6 3. Nf3 Be7 4. Nc3 d5 5. Bg5 O-O 6. e3 b6 7. cxd5 exd5 8. Bd3
Bb7 9. O-O Nbd7 10. a3 a5 11. Rc1 Rc8 12. Qe2 Ne4 13. Bxe7 Qxe7 14. Ba6 Nxc3
15. Rxc3 Bxa6 16. Qxa6 c6 17. Qb7 Qd6 18. Rfc1 c5 19. Qa6 Ra8 20. Qb5 c4 21. b3
cxb3 22. Qxb3 a4 23. Qb2 f6 24. Rc6 Qe7 25. Qb5 Ra5 26. Qb2 Raa8 27. Qa2 Ra5
28. Nd2 Rb5 29. g3 Nb8 30. Rc7 Qe6 31. Qc2 Na6 32. Ra7 Ra5 33. Qc6 Qxc6 34.
Rxc6 Nb8 35. Rxa5 Nxc6 36. Rxd5 Rb8 37. Rb5 Na7 38. Rb4 f5 1/2-1/2

[Event "Ostravský koník 2014 - FIDE Open veteránù"]
[Site "Ostrava, CZE"]
[Date "2014.05.02"]
[Round "7"]
[White "JanCálek, Jan"]
[Black "JaroS, Bohumil"]
[Result "1/2-1/2"]
[WhiteElo "1783"]
[BlackElo "2000"]
[PlyCount "30"]

1. d4 d5 2. c4 e6 3. Nf3 Nf6 4. Nc3 a6 5. Bg5 Be7 6. e3 Nbd7 7. Bd3 dxc4 8.
Bxc4 b5 9. Bd3 c5 10. dxc5 Nxc5 11. Bc2 Bb7 12. O-O Nh5 13. Bxe7 Qxe7 14. a3
O-O 15. Qe2 Nf6 1/2-1/2

[Event "Ostravský koník 2014 - FIDE Open veteránù"]
[Site "Ostrava, CZE"]
[Date "2014.05.02"]
[Round "7"]
[White "Herman, Pavel"]
[Black "Trojek, Miroslav"]
[Result "1-0"]
[WhiteElo "1706"]
[BlackElo "1901"]
[PlyCount "61"]

1. e4 e6 2. d4 d5 3. e5 c5 4. Qg4 cxd4 5. Nf3 Nc6 6. Qg3 Nge7 7. Bd3 Qc7 8. O-O
Ng6 9. Bxg6 hxg6 10. c3 dxc3 11. Nxc3 a6 12. Be3 b5 13. Rac1 Bb7 14. Ne2 Qd7
15. Ned4 Nxd4 16. Bxd4 Be7 17. a3 Bd8 18. Rc3 Rc8 19. Rfc1 Rxc3 20. Rxc3 Rh5
21. Qg4 a5 22. Bc5 Bc6 23. b4 a4 24. g3 Rf5 25. Bd4 Kf8 26. Qh3 Rh5 27. Qf1 f6
28. g4 Rh8 29. Qd3 f5 30. g5 Kf7 31. Qc2 1-0

[Event "Ostravský koník 2014 - FIDE Open veteránù"]
[Site "Ostrava, CZE"]
[Date "2014.05.02"]
[Round "7"]
[White "Lexa, Václav"]
[Black "Koudelka, MiloS"]
[Result "1-0"]
[WhiteElo "1895"]
[BlackElo "1758"]
[PlyCount "143"]

1. d4 d5 2. c4 dxc4 3. Qa4+ c6 4. Qxc4 Nf6 5. e3 Bf5 6. Nf3 e6 7. Nc3 Nbd7 8.
Be2 Nb6 9. Qb3 Rb8 10. O-O Be7 11. Re1 O-O 12. Nh4 Qc7 13. Nxf5 exf5 14. Bd2
Ne4 15. Nxe4 fxe4 16. Ba5 Bd8 17. Bg4 Kh8 18. Rac1 f5 19. Be2 Qf7 20. Qxf7 Rxf7
21. Bb4 Be7 22. Bd2 Bf6 23. Rc2 g6 24. Rec1 Rd7 25. Rc3 Nd5 26. Rb3 Rf8 27. Bc4
f4 28. Bxd5 cxd5 29. Rbc3 fxe3 30. fxe3 Bg5 31. Rc8 Rxc8 32. Rxc8+ Kg7 33. Kf2
Be7 34. Ke2 Bd6 35. h3 Kf7 36. Be1 Ke6 37. Bh4 Kf7 38. Bg5 Kg7 39. Bf4 Bxf4 40.
exf4 Kf7 41. g4 h6 42. Rh8 Kg7 43. Rc8 Kf7 44. Kd2 Kg7 45. Re8 Kf7 46. Re5 a5
47. h4 Rd6 48. h5 gxh5 49. Rxh5 Kg7 50. Rf5 Rd7 51. Re5 Kf7 52. Kc3 b5 53. Kb3
Rd6 54. a3 Rd7 55. Kc3 Rc7+ 56. Kd2 Rd7 57. b4 axb4 58. axb4 Rd6 59. Ke3 Rd7
60. f5 Rd6 61. Kf4 Kf6 62. Re8 Rc6 63. Rd8 Rc4 64. Rxd5 Rxb4 65. Rd6+ Kg7 66.
Kxe4 Rb1 67. Rg6+ Kh7 68. Rb6 b4 69. Rb7+ Kg8 70. f6 b3 71. Kf5 b2 72. Kg6 1-0

[Event "Ostravský koník 2014 - FIDE Open veteránù"]
[Site "Ostrava, CZE"]
[Date "2014.05.02"]
[Round "7"]
[White "PeRík, Alois"]
[Black "ChleviS�an, Jaromír"]
[Result "1-0"]
[WhiteElo "1838"]
[BlackElo "1581"]
[PlyCount "75"]

1. c4 e6 2. e4 c6 3. e5 d6 4. exd6 Bxd6 5. Nf3 Nf6 6. Be2 O-O 7. O-O b6 8. d4
h6 9. Qc2 Nbd7 10. b3 Bb7 11. Bb2 Qc7 12. Nc3 a6 13. Ne4 Nxe4 14. Qxe4 Nf6 15.
Qh4 Nh7 16. Rad1 Qe7 17. Qxe7 Bxe7 18. Ne5 Rfd8 19. Bf3 Rac8 20. g3 Ng5 21. Bg2
Ba8 22. h4 Nh7 23. Rd2 Rc7 24. Rfd1 Nf8 25. Kf1 Nd7 26. c5 b5 27. b4 Kf8 28.
Ke2 Ke8 29. Ke3 Bb7 30. Bf3 Nf6 31. a3 Nd5+ 32. Bxd5 exd5 33. Re2 Kf8 34. Rde1
Bc8 35. Kf3 Bf5 36. Kg2 f6 37. Nxc6 Bxc5 38. Nxd8 1-0

[Event "Ostravský koník 2014 - FIDE Open veteránù"]
[Site "Ostrava, CZE"]
[Date "2014.05.02"]
[Round "7"]
[White "Kaòovský, Jan"]
[Black "DoSkaR, Miloslav"]
[Result "1/2-1/2"]
[WhiteElo "1728"]
[BlackElo "1703"]
[PlyCount "90"]

1. e4 e5 2. Nf3 Nc6 3. Nc3 Nf6 4. Bb5 a6 5. Bxc6 dxc6 6. Nxe5 Qe7 7. d4 Be6 8.
O-O O-O-O 9. f3 c5 10. d5 c6 11. Bg5 h6 12. Bxf6 Qxf6 13. Ng4 Qg5 14. Qc1 Qxc1
15. Raxc1 cxd5 16. Nxd5 Bxd5 17. exd5 Rxd5 18. Rcd1 Rxd1 19. Rxd1 f6 20. c4 Kc7
21. Ne3 Rh7 22. Nd5+ Kc6 23. Re1 Bd6 24. f4 Rh8 25. g3 b5 26. b3 bxc4 27. bxc4
Rb8 28. Re2 Rb1+ 29. Kf2 Rc1 30. Ne3 a5 31. Rc2 Rh1 32. Kf3 Rb1 33. Ke4 g6 34.
g4 a4 35. Rf2 Kd7 36. Nc2 Rg1 37. h3 Rg3 38. Rf3 Rg2 39. Kd3 Rg1 40. Kd2 Bc7
41. a3 Ba5+ 42. Ke2 Rc1 43. Kd3 Rd1+ 44. Ke4 Rc1 45. Kd3 Rd1+ 1/2-1/2

[Event "Ostravský koník 2014 - FIDE Open veteránù"]
[Site "Ostrava, CZE"]
[Date "2014.05.02"]
[Round "7"]
[White "BíZa, Miroslav"]
[Black "Pirhala, Ladislav"]
[Result "1-0"]
[WhiteElo "1928"]
[BlackElo "1481"]
[PlyCount "101"]

1. d4 Nf6 2. c4 e6 3. Nc3 Bb4 4. Qb3 Nc6 5. Nf3 b6 6. Bg5 Be7 7. e4 d6 8. O-O-O
O-O 9. Bd3 Na5 10. Qc2 h6 11. Bh4 Ba6 12. Ne2 Nd7 13. Bxe7 Qxe7 14. Qa4 c5 15.
d5 e5 16. Nd2 Bb7 17. h4 Nf6 18. f4 Bc8 19. fxe5 Qxe5 20. Nf3 Qe7 21. Rde1 Bd7
22. Qc2 Ng4 23. Ng3 Ne5 24. Nf5 Qf6 25. Nxe5 dxe5 26. Ref1 Bxf5 27. exf5 Rfe8
28. Be4 Qd6 29. g4 Rab8 30. Qa4 Red8 31. Rf3 Qd7 32. Qxd7 Rxd7 33. b3 Nb7 34.
g5 h5 35. Re3 Nd6 36. Bc2 Re8 37. f6 g6 38. Rhe1 Rdd8 39. Rxe5 Rxe5 40. Rxe5
Re8 41. Rxe8+ Nxe8 42. Kd2 Nd6 43. Kc3 a5 44. a3 Kf8 45. b4 Ke8 46. bxc5 bxc5
47. Bd3 Kd8 48. Kd2 Kc7 49. Ke3 Nb7 50. Bxg6 fxg6 51. f7 1-0